00329nam a2200121Ia 4500008004100000041000800041082001600049100002500065245005100090250000800141260004500149300001300194231229s2019 xx 000 0 und d aeng a346.48bRED aREDDY (S.V. Damodar) aIntellectual Property Rights: Law and Practice a1st aHyderabadbAsia Law House Hyderbadc2019 aiii, 600